Welcome to CU Library Online Public Access Catalogue (OPAC)

Persia and the Bible / (Record no. 6670)

MARC details
000 -LEADER
fixed length control field 00596cam a2200193 a 4500
001 - CONTROL NUMBER
control field 4495709
005 - DATE AND TIME OF LATEST TRANSACTION
control field 20250625104514.0
008 - FIXED-LENGTH DATA ELEMENTS--GENERAL INFORMATION
fixed length control field 970331s1996 miuab b 001 0 eng
020 ## - INTERNATIONAL STANDARD BOOK NUMBER
International Standard Book Number 0801021081
050 00 - LIBRARY OF CONGRESS CALL NUMBER
Classification number BS680.I65
Item number Y35 1996
082 00 - DEWEY DECIMAL CLASSIFICATION NUMBER
Classification number 220.8/935
Edition information 21
100 1# - MAIN ENTRY--PERSONAL NAME
Personal name Yamauchi, Edwin M.
245 10 - TITLE STATEMENT
Title Persia and the Bible /
Statement of responsibility, etc. Edwin M. Yamauchi ; foreword by Donald J. Wiseman.
250 ## - EDITION STATEMENT
Edition statement 1st paperback ed.
260 ## - PUBLICATION, DISTRIBUTION, ETC.
Place of publication, distribution, etc. Grand Rapids, Mich. :
Name of publisher, distributor, etc. Baker Book House,
Date of publication, distribution, etc. c1996.
300 ## - PHYSICAL DESCRIPTION
Extent 580 p. :
Other physical details ill., maps ;
Dimensions 23 cm.
650 #0 - SUBJECT ADDED ENTRY--TOPICAL TERM
Topical term or geographic name entry element Excavations (Archaeology)
Geographic subdivision Iran.
942 ## - ADDED ENTRY ELEMENTS (KOHA)
Source of classification or shelving scheme Library of Congress Classification
Koha item type Books
Suppress in OPAC No
999 ## -
-- 6670
-- 6670
Holdings
Withdrawn status Lost status Source of classification or shelving scheme Damaged status Not for loan Collection Home library Current library Shelving location Date acquired Total checkouts Full call number Barcode Date last seen Copy number Price effective from Koha item type
    Library of Congress Classification     Non-fiction Undergraduate Library (Christ Temple) Undergraduate Library (Christ Temple) General stacks 06/25/2025   BS68.165 YAM ulct00003501 06/25/2025 1 06/25/2025 Books
© 2023-2024 Copyright: Central University Libraries. All Rights Reserved | Created by: Mahone Tech Office